Video Game Sidekicks - Statistics

General Stats
  • This quiz has been taken 14 times
  • The average score is 4 of 16
Answer Stats
Character Sidekick % Correct
Sonic (Sonic the Hedgehog) Tails
91%
Mario (Super Mario Bros.) Yoshi
82%
Fox McCloud (Starfox) Falco Lombardi
64%
Joel (The Last of Us) Ellie
55%
Master Chief (Halo) Cortana
36%
Vault Hunters (Borderlands) Claptrap
18%
Vault Dweller (Fallout) Dogmeat
18%
Bastion (Overwatch) Ganymede
18%
Megaman Rush
18%
Kratos (God of War) Atreus
9%
Link (The Legend of Zelda) Epona
9%
Shepard (Mass Effect) Garrus
9%
Wander (Shadow of the Colossus) Argo
0%
Chel (Portal) Companion Cube
0%
Ezio Auditore de Firenze (Assassin's Creed) Leonardo da Vinci
0%
Zidane Tribal (Final Fantasy) Vivi Ornitier
0%
No matching quizzes found
Score Distribution
Percent of People with Each Score
Percentile by Number Answered
Your Score History
You have not taken this quiz